000 02282nam a2200337 a 4500
001
003 DO-SdBNP
005 20220209120905.0
008 090917s2000 dr a r 000 0 spa d
020 _a999343020X
040 _aDO-SdBNP
_bspa
_cBPMSU
082 _aRD860
_bC744o, 2000
_222
111 2 _aConcurso de Arte y Literatura Bancentral
_n(6. :
_d2001 :
_cSanto Domingo, República Dominicana)
245 1 0 _aObras premiadas :
_bsexto Concurso de Arte y literatura Bancentral 2001 /
_cedición José Alcántara Almánzar, Lourdes Lara.
246 1 4 _aConcurso de Arte y Literatura Bancentral 2001
260 _aSanto Domingo :
_bBanco Central de la República Dominicana,
_c2001.
300 _a71 p. :
_bil. ;
_c23 cm.
490 0 _aBanco Central de la República Dominicana ;
_aObras premiadas,
_v34
505 0 _gTercer premio. Categoría Cuento :
_tDesvelo /
_rElsa Ramírez --
_gSegundo premio. Categoría Fotografía :
_tReflejos /
_rRafael V. Ravelo Peña --
_gTercer premio. Categoría Fotografía :
_tVestigios de un sueño sobre la playa de Juanillo /
_rDomingo de la Cruz --
_gTercer premio. Categoría Cuento :
_tEl extraño hombre oscuro /
_rLuis José Bourget G. --
_gTercer premio. Categoría Pintura :
_tPórtico a la paz /
_rDinorah Báez Pérez --
_gMención de Honor. Categoría Pintura :
_tPuente de Azua /
_rMaría Mercedes Cubilete Rodríguez --
_gMención de Honor. Categoría Pintura :
_tFrutas y vinos /
_rYolanda Esteban de López --
_gMención de Honor. Categoría Fotografía :
_tNaturaleza? /
_rCynthia Alexandra Valenzuela Acosta --
_gMención de Honor. Categoría Fotografía :
_tDebajo del marco /
_rJosé Polanco Santana --
_gMención de Honor. Categoría Fotografía :
_tCrepúsculo antillano /
_rJuan E. Estévez Hurtado --
_tVeredicto --
_tApéndice --
_tNotas biográficas de los autores.
586 _aPremios del Concurso de Arte y literatura Bancentral 2000.
590 _aInventariado, 2022/VM
650 4 _aLiteratura dominicana
_ySiglo XX
650 4 _aArte y literatura
_ySiglo XX
650 4 _aArtes plásticas
_ySiglo XX
650 4 _aPremios literarios
_ySiglo XX
700 1 _aAlcántara Almánzar, José,
_d1946-,
_eed.
700 1 _aLara, Lourdes,
_eed.
710 2 _aBanco Central de la República Dominicana
910 _a VMateo V.
942 _2ddc
_cBK
999 _c14026
_d14026